00646nam a2200181 a 450000500170000000800410001704000250005804100080008304400070009111000340009824501140013226001440024630000100039065000200040065000110042065000150043165000180044620200104041552.0140317b1999 ck ||||| |||| 00| 0 spa d aCO-BoIAVHcCO-BoIAVH aspa ack aMinisterio del Medio ambiente aCaracterización biofisiográfica y socioeconómica del Parque Nacional Natural Cordillera de los Picachos aBogotábMinambientebSistema de Parques Nacionales Naturales, Unidad Administrativa EspecialbCooperación EspañolabBioColombiac1999 a20 p. aClimavColombia aSuelos aHidrologia aGeomorfologia